000 00654nam a2200193Ia 4500
003 LDD
008 190117s9999 xx 000 0 und d
020 _a8185469644
_c₹150
040 _cLDD
041 _ahi
082 _a8H3.7 शु1166खि
100 _aशुक्ल,विनोदकुमार
245 0 _aखिलेगा को देखेगे
_cविनोदकुमार शुक्ल
260 _aहरियाणा
_bआधार प्रकाशन
_c1999
300 _a231
901 _aAAKAR
904 _aReqst by : पारिख
942 _2ddc
_cH
999 _c172012
_d172012